000 00727nam a2200277Ia 4500
005 20250425162400.0
008 250425s9999 xx 000 0 und d
020 _a9701509935
041 _aspa
082 _a621.7
100 _aNIEBEL, BENJAMIN W.
245 0 _aINGENIERIA INDUSTRIAL: METODOS, ESTANDARES Y DISEÑO DEL TRABAJO
250 _a11A ED.
260 _aMEXICO
260 _aMéxico
_bALFAOMEGA
_c2004
300 _a745
500 _aINCLUYE 1 CD-ROM.
650 _aESTUDIO DE METODOS
650 _aESTUDIO DE TIEMPOS Y MOVIMIENTOS
650 _aINGENIERIA INDUSTRIAL
650 _aMUESTREO DEL TRABAJO
650 _aSALARIOS
700 _aFREIVALDS, ANDRIS
942 _c01
010 _a67751
999 _c228086
_d228086